=LDR 00000nam 2200000 4500 =001 INLIS000000000045485 =005 20150203113012.0 =006 =007 =008 =020 ##$$a 978-979-29-2246-2 =035 ##$$0010-021500000000045 =040 ##$$a NBPDMAT =082 ##$$a 530.076 =090 ##$$a 530.076 $b Agu s =100 ##$$a Agus Kamaludin =245 ##$$a Super pintar Fisika SMP kelas 7, 8, 9 jurus cepat kuasai fisika / $c oleh Agus Kamaludin =250 ##$$a Cet.1 =260 ##$$a Yogyakarta : $b G. Media, $c 2012 =300 ##$$a 120 hlm. . ; $c 16 cm. =500 ##$$a Bibliografi : hlm.19 =650 ##$$a Fisika SMP- Soal dsb =850 ##$$a NBPDMAT